000 00296nam a2200109Ia 4500
008 230907s9999||||xx |||||||||||||| ||und||
082 _a697
_bBAS
100 _aBas, Ed
_9115793
245 _aIndoor air quality: a guide for facility managers /
_cEd Bas.
260 _c2019-09-27
942 _2ddc
_cEB
999 _c599640
_d599640